| 000 | 01192nam a22003257a 4500 | ||
|---|---|---|---|
| 003 | CHAP | ||
| 005 | 20220329140807.0 | ||
| 008 | 971013s1994 r 00010 d | ||
| 010 | _a57720 | ||
| 011 | _a58692 | ||
| 035 | _a62848 | ||
| 040 | _cCHAP | ||
| 082 |
_a632.78 _bP4 |
||
| 100 | 0 | 0 |
_aPescador Rubio, Alfonso. _987473 |
| 245 | _aManual de identificación para las mariposas de la familia Sphingidae (Lepidoptera) de la Estación de Biología " Chamela", Jalisco, México | ||
| 260 |
_aMéxico, D.F. : _bUniversidad Nacional Autónoma de México. Instituto de Biología, _c1994 |
||
| 300 |
_a103 p. _b: ilus. |
||
| 490 |
_aCuadernos del Instituto de Biología _v; 22 |
||
| 590 |
_aBATCH-UPD _b10 _c20130110 _lUCH01 _h0348 |
||
| 590 |
_aBATCH-UPD _b10 _c20130110 _lUCH01 _h2342 |
||
| 590 |
_aBATCH-UPD _b10 _c20130410 _lUCH01 _h0022 |
||
| 590 |
_aBATCH-UPD _b10 _c20130914 _lUCH01 _h1109 |
||
| 590 |
_aCONVERSION _b10 _c20130109 _lUCH01 _h1331 |
||
| 650 | 1 | 4 |
_aMariposas _xJalisco. _971402 |
| 650 | 1 | 4 |
_aSphingidae. _9109213 |
| 830 | 0 |
_aCuadernos del Instituto de Biología _v; 22 _929841 |
|
| 901 | _aBK | ||
| 942 | _cLIBRO | ||
| 949 |
_a632.78 P4 _bBC _cC _d33724000688644 _eC _h92364 _i62848 _sb |
||
| 999 |
_c57720 _d57720 |
||